<The> allocation of financial resources of the EU structural funds and Cohesion fund during the period 2007-2013

Popis modelu na prognózovanie alokácie štrukturálnych fondov EÚ a Kohézneho fondu medzi jednotlivé členské štáty EÚ. Komparáciou prognózovanej a skutočnej alokácie prostriedkov je možné hodnotiť, ktoré členské štáty obdržali viac a ktoré menej, než bol ich prognózovaný podiel. Ako premenné determinu...

Descrizione completa

Salvato in:
Dettagli Bibliografici
Autore principale: Heijman, Wim
Altri autori: Koch, Tobias
Natura: Capitolo di libro
Lingua:inglese
Soggetti:
Tags: Aggiungi Tag
Nessun Tag, puoi essere il primo ad aggiungerne!!

MARC

LEADER 00000naa a2200000 4500
001 0158354
005 20231211065843.4
041 0 |a eng 
044 |a CZ 
245 1 0 |a <The> allocation of financial resources of the EU structural funds and Cohesion fund during the period 2007-2013  |c Wim Heijman, Tobias Koch 
520 |a Popis modelu na prognózovanie alokácie štrukturálnych fondov EÚ a Kohézneho fondu medzi jednotlivé členské štáty EÚ. Komparáciou prognózovanej a skutočnej alokácie prostriedkov je možné hodnotiť, ktoré členské štáty obdržali viac a ktoré menej, než bol ich prognózovaný podiel. Ako premenné determinujúce prognózovanú alokáciu prostriedkov boli použité HDP na 1 obyvateľa a veľkosť populácie. 
610 2 0 |a fondy štruktúrne 
610 2 0 |a fond kohézny 
610 2 0 |a financovanie 
610 2 0 |a Európska únia 
610 2 0 |a modely 
100 1 |a Heijman, Wim 
700 1 |a Koch, Tobias